Giáo trình xác suất và thống kê

Shranjeno v:
Bibliografske podrobnosti
Glavni avtor: Nguyễn Đình Huy
Format: Knjiga
Jezik:Undetermined
Izdano: Tp. HCM ĐHQG 2003
Teme:
Oznake: Označite
Brez oznak, prvi označite!
Thư viện lưu trữ: Trung tâm Học liệu Trường Đại học Cần Thơ
LEADER 00514nam a2200181Ia 4500
001 CTU_56654
008 210402s9999 xx 000 0 und d
020 |b 14000 
082 |a 519.2 
082 |b H523 
100 |a Nguyễn Đình Huy 
245 0 |a Giáo trình xác suất và thống kê 
245 0 |c Nguyễn Đình Huy 
260 |a Tp. HCM 
260 |b ĐHQG 
260 |c 2003 
650 |a probabilities,mathematical statistics 
980 |a Trung tâm Học liệu Trường Đại học Cần Thơ